01010cam a2200265 a 450000100090000000300040000900500170001300800410003001000170007102000280008804000180011605000210013408200180015510000230017324501240019625000120032026000350033230000570036750400700042465000360049465000300053070000220056085600870058285600750066913533726OSt20180117085952.0040323s2005 maua b 001 0 eng  a 2004040325 a0072887672 (alk. paper) aDLCcDLCdDLC00aBF176b.C63 200500a150/.28/72221 aCohen, Ronald Jay.10aPsychological testing and assessment :ban introduction to tests and measurement /cRonald Jay Cohen, Mark E. Swerdlik. a6th ed. aBoston :bMcGraw-Hill,cc2005. a1 v. (various pagings) :bill. (some col.) ;c27 cm. aIncludes bibliographical references (p. R-1 to R-52) and indexes. 0aPsychological testsvTextbooks. 0aPsychometricsvTextbooks.1 aSwerdlik, Mark E.423Publisher descriptionuhttp://www.loc.gov/catdir/description/mh051/2004040325.html413Table of contentsuhttp://www.loc.gov/catdir/toc/mh051/2004040325.html